000 00385nam a22001577a 4500
003 MPLRDC
005 20220104114301.0
008 210129b ||||| |||| 00| 0 eng d
082 _a857.27 PSL-3
100 _a蒲松龄
245 _a新编聊斋志异
_c
260 _a
_b新风文化事业公司
_c
300 _b
650 _a小说--笔记; 异闻
942 _cBK
_o857.27 PSL-3
999 _c6284
_d6274